| 000 | 00455nam a2200193Ia 4500 | ||
|---|---|---|---|
| 999 |
_c34122 _d34122 |
||
| 003 | 0100 | ||
| 005 | 20170313094417.0 | ||
| 008 | 130303s9999 xx 000 0 und d | ||
| 040 | _cARRUPELIB | ||
| 050 | _aB51.S49 | ||
| 100 |
_aSmith, John E _929331 |
||
| 245 | _aThemes in American Philosophy | ||
| 245 | _bPurpose, Experience and Community | ||
| 260 | _aNew York | ||
| 260 | _bHarper Row Inc | ||
| 300 | _a248p. | ||
| 300 | _b 20cm | ||
| 650 |
_aPhilosophy, American _92039 |
||
| 942 |
_2lcc _cMONOGRAPH |
||